| 000 | 00446nam a22001577a 4500 | ||
|---|---|---|---|
| 005 | 20240724085324.0 | ||
| 008 | 240724b |||||||| |||| 00| 0 eng d | ||
| 082 |
_a543.08 _bYOU-O |
||
| 100 | _aM Younas | ||
| 245 |
_aOrganic Spectroscopy and Chromatography / _cM Younas |
||
| 260 |
_aPakistan : _bIlmi book ; _c2009 |
||
| 300 |
_aix,326p. _bill; _c24 cm. |
||
| 500 | _ainclude index . | ||
| 650 | _aMedical / Organic Spectroscopy | ||
| 999 |
_c36197 _d36197 |
||